[Event "3rd Mayor's Cup"]
[Site "Mumbai IND"]
[Date "2010.06.07"]
[Round "8"]
[White "Vorobiov,E"]
[Black "Roy Chowdhury,S"]
[Result "1/2-1/2"]
[WhiteElo "2612"]
[BlackElo "2473"]
[EventDate "2010.06.02"]

1. e4 c5 2. Nf3 Nc6 3. c3 d6 4. d4 Nf6 5. Bd3 g6 6. d5 Nb8 7. O-O Bg7 8. a4
O-O 9. Na3 Bg4 10. h3 Bxf3 11. Qxf3 Nbd7 12. Qe2 Re8 13. Bf4 e6 14. dxe6
Rxe6 15. Qc2 Ne5 16. Bxe5 Rxe5 17. Nc4 Re7 18. Rfe1 Qc7 19. Rad1 Rae8 20.
Qb1 d5 21. exd5 Rxe1+ 22. Rxe1 Rxe1+ 23. Qxe1 Nxd5 24. Qe8+ Bf8 25. Qa8 Qd7
26. Bf1 Nb6 27. Qxa7 Nxc4 28. Bxc4 Qd1+ 29. Bf1 Qb3 30. g3 Qxb2 31. Kg2 Qb3
32. Be2 b6 33. Bf3 Kg7 34. Bc6 Qxc3 35. Qxb6 c4 36. Bd5 Qf6 37. Qxf6+ Kxf6
38. Bxc4 Bb4 39. Kf3 h5 40. Ke4 Be1 41. Ke3 Ke7 42. Ke2 Ba5 43. f4 f5 44.
Bb5 Kf7 1/2-1/2

[Event "3rd Mayor's Cup"]
[Site "Mumbai IND"]
[Date "2010.06.07"]
[Round "8"]
[White "Vidit,S"]
[Black "Lafuente,P"]
[Result "1/2-1/2"]
[WhiteElo "2504"]
[BlackElo "2587"]
[EventDate "2010.06.02"]

1. d4 Nf6 2. c4 e6 3. g3 d5 4. Bg2 dxc4 5. Nf3 Bb4+ 6. Bd2 a5 7. O-O Nc6 8.
e3 O-O 9. Qe2 Bd6 10. Bc3 Qe8 11. e4 e5 12. dxe5 Nxe5 13. Nxe5 Bxe5 14. f4
Bxc3 15. Nxc3 Qc6 16. h3 Qc5+ 17. Kh2 Re8 18. e5 Bf5 19. Qf2 Nd7 20. Bxb7
Rab8 21. Be4 Bxe4 22. Nxe4 Qc6 23. Qg2 Rb6 24. Rac1 f5 25. Nd2 Qxg2+ 26.
Kxg2 Rxb2 27. Rf2 Nc5 28. Ne4 Nd3 29. Rxb2 Nxc1 30. Nf2 Nd3 31. Rb5 g6 32.
Nxd3 cxd3 33. Rd5 Rb8 34. Rxd3 Rb2+ 35. Kf3 Rxa2 36. Rc3 a4 37. Rxc7 Ra3+
38. Kf2 Rb3 39. e6 Rb8 40. Ra7 Re8 41. Rxa4 Rxe6 42. Ra7 Rb6 43. g4 1/2-1/2

[Event "3rd Mayor's Cup"]
[Site "Mumbai IND"]
[Date "2010.06.07"]
[Round "8"]
[White "Prathamesh,S"]
[Black "Kunte,A"]
[Result "1/2-1/2"]
[WhiteElo "2411"]
[BlackElo "2523"]
[EventDate "2010.06.02"]

1. e4 e5 2. Nf3 Nc6 3. Bb5 a6 4. Ba4 Nf6 5. O-O Be7 6. Re1 b5 7. Bb3 d6 8.
c3 O-O 9. h3 Bb7 10. d4 Re8 11. Nbd2 Bf8 12. a4 h6 13. Bc2 exd4 14. cxd4
Nb4 15. Bb1 1/2-1/2

[Event "3rd Mayor's Cup"]
[Site "Mumbai IND"]
[Date "2010.06.07"]
[Round "8"]
[White "Swayams,M"]
[Black "Luther,T"]
[Result "0-1"]
[WhiteElo "2397"]
[BlackElo "2541"]
[EventDate "2010.06.02"]

1. d4 d5 2. c4 e6 3. Nc3 Bb4 4. Nf3 Nf6 5. e3 O-O 6. Be2 c5 7. O-O Nc6 8.
cxd5 exd5 9. dxc5 Bxc5 10. b3 Be6 11. Bb2 Qe7 12. a3 Rad8 13. Nb5 Ne4 14.
Nbd4 Bg4 15. b4 Bd6 16. h3 Bxf3 17. Nxf3 Bb8 18. Bb5 Ne5 19. Nxe5 Bxe5 20.
Bxe5 Qxe5 21. Bd3 g6 22. Rc1 Nc3 23. Qg4 Rc8 24. Qd4 Qxd4 25. exd4 Rc7 26.
Rc2 Rfc8 27. Re1 Kf8 28. Kf1 a6 29. Rec1 Ke7 30. f3 Kd6 31. Ke1 Nb5 32.
Rxc7 Nxc7 33. Kd2 Re8 34. Bf1 Ne6 35. Kd3 h5 36. Rc3 h4 37. Rc1 Ng7 38. Rd1
Nf5 39. Kc3 Rc8+ 40. Kb3 Rc7 41. a4 Rc8 42. a5 Ne3 43. Re1 Nxf1 44. Rxf1
Rc4 45. Rd1 Kc6 46. Ka4 Rc2 47. Re1 Ra2+ 48. Kb3 Rxg2 49. Re7 f5 50. Re6+
Kd7 51. Rb6 Kc7 52. b5 axb5 53. Kb4 Rg3 54. f4 Rxh3 55. Rxg6 Rh1 56. Rg7+
Kb8 57. Kc5 Ka7 58. a6 Kxa6 59. Rg2 Ka7 60. Ra2+ Kb8 61. Kxd5 h3 62. Ke5 h2
63. Kxf5 Kc7 64. Kf6 Kd6 65. f5 Kd5 66. Rg2 b4 67. Kg6 Rg1 0-1

[Event "3rd Mayor's Cup"]
[Site "Mumbai IND"]
[Date "2010.06.07"]
[Round "8"]
[White "Sangma,R"]
[Black "Ismagambetov,An"]
[Result "1/2-1/2"]
[WhiteElo "2358"]
[BlackElo "2524"]
[EventDate "2010.06.02"]

1. d4 Nf6 2. c4 e6 3. Nf3 b6 4. g3 Bb7 5. Bg2 Be7 6. O-O O-O 7. Re1 d5 8.
cxd5 exd5 9. Nc3 Ne4 10. Bf4 Nd7 11. Qb3 Nxc3 12. bxc3 c5 13. a4 Re8 14. a5
Bf6 15. Rab1 Bc6 16. c4 dxc4 17. Qxc4 b5 18. Qa2 cxd4 19. Ng5 Bxg5 20. Bxc6
Bxf4 21. Qd5 Rb8 22. gxf4 Nf6 23. Qxd8 Rexd8 24. Rxb5 Rxb5 25. Bxb5 Nd5 26.
f5 Kf8 27. Rc1 Nc3 28. Bd3 Rd5 29. a6 Rxf5 30. e3 Rc5 31. Rc2 dxe3 32. fxe3
Na4 33. Ra2 Nb6 34. Kf2 h6 35. Be4 Ke7 36. Bb7 Nd7 37. Ke2 Rb5 38. Bc6 Rb6
39. Bxd7 Kxd7 40. Kd3 Ke6 41. Kd4 f5 42. Kd3 g5 43. Ke2 h5 44. h4 g4 45.
Kf2 Rb5 46. Rc2 Ra5 47. Rc6+ Ke5 48. Rh6 Ra2+ 49. Kf1 Ke4 50. Rxh5 f4 51.
exf4 Kf3 52. Re5 g3 53. Re1 Kxf4 54. Kg1 Kg4 55. Re4+ Kh3 56. Re1 Rxa6 57.
h5 Rb6 58. Ra1 a6 59. Rc1 Rb5 60. Ra1 Rb6 61. Rc1 Re6 62. Ra1 Rc6 63. Rd1
Rc5 64. Ra1 Rc6 65. Rd1 Kg4 66. Rd5 Kf3 67. Rd1 Rc2 68. Ra1 Rg2+ 69. Kf1
Rb2 70. Kg1 Rb6 71. Ra3+ Kg4 72. Kg2 Rb2+ 73. Kg1 Kh3 74. Ra1 Rg2+ 75. Kh1
1/2-1/2

[Event "3rd Mayor's Cup"]
[Site "Mumbai IND"]
[Date "2010.06.07"]
[Round "8"]
[White "Sundararajan,K"]
[Black "Tirto"]
[Result "1-0"]
[WhiteElo "2520"]
[BlackElo "2358"]
[EventDate "2010.06.02"]

1. d4 Nf6 2. c4 b6 3. f3 e6 4. e4 d5 5. e5 Nfd7 6. cxd5 exd5 7. Nc3 Bb7 8.
f4 c5 9. Nf3 Nc6 10. Be3 cxd4 11. Nxd4 Bc5 12. Bb5 Nxd4 13. Bxd4 a6 14.
Bxd7+ Qxd7 15. O-O O-O 16. f5 Rac8 17. Bxc5 Rxc5 18. Ne4 Qc6 19. Nxc5 Qxc5+
20. Rf2 d4 21. f6 Qxe5 22. Qg4 g6 23. Qf4 Qxf4 24. Rxf4 Rd8 25. Rd1 d3 26.
Kf2 h6 27. Ke3 Re8+ 28. Kxd3 Bxg2 29. Kc3 g5 30. Rf2 Bh3 31. Rd6 Rb8 32.
Rfd2 Kh7 33. b4 Kg6 34. a4 h5 35. Kd4 h4 36. Ke4 Be6 37. Rd8 Rb7 38. Ke5 a5
39. Rh8 Bd7 40. b5 h3 41. Rd3 Rc7 42. Rg8+ Kh5 43. Kd6 Rc2 44. Rh8+ Kg4 45.
Rg3+ Kf4 46. Kxd7 Rxh2 47. Rhxh3 Rf2 48. Rc3 g4 49. Rc4+ Kg5 50. Rg3 1-0

[Event "3rd Mayor's Cup"]
[Site "Mumbai IND"]
[Date "2010.06.07"]
[Round "8"]
[White "Iuldachev,S"]
[Black "Ankit,R"]
[Result "1/2-1/2"]
[WhiteElo "2511"]
[BlackElo "2350"]
[EventDate "2010.06.02"]

1. e4 c5 2. Nf3 d6 3. d4 cxd4 4. Nxd4 Nf6 5. Nc3 g6 6. Bc4 Bg7 7. O-O O-O
8. Re1 Nc6 9. Nb3 a6 10. a4 Na5 11. Nxa5 Qxa5 12. Bb3 Bg4 13. f3 Be6 14.
Nd5 Bxd5 15. exd5 Rfe8 16. Bd2 Qc7 17. Bc3 Nd7 18. Bxg7 Kxg7 19. Qd4+ Kg8
20. Kh1 Nc5 21. Bc4 Rac8 22. b3 Nd7 23. f4 Nb6 24. Bd3 Qc5 25. Qxc5 Rxc5
26. c4 a5 27. Re3 Rc7 28. Rae1 Kf8 29. h4 Nd7 30. h5 Nf6 31. hxg6 hxg6 32.
Kg1 Kg7 33. Rg3 Nh5 34. Rf3 Nf6 35. f5 g5 36. Rg3 g4 37. Rge3 1/2-1/2

[Event "3rd Mayor's Cup"]
[Site "Mumbai IND"]
[Date "2010.06.07"]
[Round "8"]
[White "Udeshi,A"]
[Black "Dzhumaev,M"]
[Result "1-0"]
[WhiteElo "2316"]
[BlackElo "2495"]
[EventDate "2010.06.02"]

1. e4 g6 2. d4 Bg7 3. Nc3 c6 4. Be3 d6 5. g3 Nf6 6. h3 e5 7. Bg2 Nbd7 8.
Nge2 O-O 9. O-O b6 10. Re1 Ba6 11. g4 Bxe2 12. Rxe2 Qc7 13. f4 Rad8 14.
dxe5 dxe5 15. f5 Nc5 16. Qe1 h6 17. Qg3 Qc8 18. b4 Ncd7 19. Bf3 Qa6 20. a3
Qc4 21. Qe1 Rfe8 22. Rg2 Nd5 23. exd5 e4 24. Be2 Qxc3 25. Qxc3 Bxc3 26. Rf1
cxd5 27. Bxh6 Ne5 28. Kh1 Nc4 29. fxg6 fxg6 30. Rgf2 Rd7 31. h4 Bg7 32. Bg5
Bd4 33. Rh2 Be5 34. Rh3 b5 35. h5 d4 36. hxg6 Rf8 37. Rf5 Re8 38. Bxc4+
bxc4 39. Rxe5 Rf8 40. Rxe4 d3 41. cxd3 cxd3 42. Bd2 Rd6 43. Bc3 1-0

[Event "3rd Mayor's Cup"]
[Site "Mumbai IND"]
[Date "2010.06.07"]
[Round "8"]
[White "Vishnu,P"]
[Black "Laxman,R"]
[Result "1/2-1/2"]
[WhiteElo "2345"]
[BlackElo "2476"]
[EventDate "2010.06.02"]

1. e4 e5 2. Nf3 Nc6 3. Bb5 a6 4. Ba4 Nf6 5. O-O Be7 6. Re1 b5 7. Bb3 O-O 8.
d4 d6 9. c3 Bg4 10. Be3 d5 11. exd5 exd4 12. cxd4 Nb4 13. h3 Bh5 14. Nc3
Nfxd5 15. Bd2 Nxc3 16. bxc3 Nd3 17. Re3 Bg6 18. a4 Bf6 19. Qf1 c5 20. axb5
axb5 21. Rxa8 Qxa8 22. c4 bxc4 23. Bxc4 Nb2 24. dxc5 Rc8 25. Bc3 1/2-1/2

[Event "3rd Mayor's Cup"]
[Site "Mumbai IND"]
[Date "2010.06.07"]
[Round "8"]
[White "Temirbayev,S"]
[Black "Mehar,C"]
[Result "1/2-1/2"]
[WhiteElo "2455"]
[BlackElo "2295"]
[EventDate "2010.06.02"]

1. d4 d5 2. c4 c6 3. Nf3 Nf6 4. e3 Bg4 5. Nbd2 e6 6. Be2 Nbd7 7. O-O Be7 8.
b3 O-O 9. Bb2 Rc8 10. h3 Bh5 11. Ne5 Bxe2 12. Qxe2 dxc4 13. Ndxc4 b5 14.
Nxd7 Nxd7 15. Nd2 Qb6 16. Ne4 Nf6 17. Nxf6+ Bxf6 18. Rfc1 c5 19. dxc5 Rxc5
20. Bxf6 gxf6 21. Rxc5 Qxc5 22. Qg4+ Kh8 23. Qf4 Kg7 24. Rd1 Qc2 25. Qg4+
Kh8 26. Qd4 Kg7 27. Qg4+ Kh8 28. Qf3 f5 29. Rd7 Qxa2 30. Qf4 Qxb3 31. Qh6
Kg8 32. Qg5+ Kh8 33. Qf6+ Kg8 34. Qg5+ Kh8 35. Qf6+ Kg8 1/2-1/2

[Event "3rd Mayor's Cup"]
[Site "Mumbai IND"]
[Date "2010.06.07"]
[Round "8"]
[White "Deshmukh,A"]
[Black "Pogorelov,R"]
[Result "0-1"]
[WhiteElo "2301"]
[BlackElo "2454"]
[EventDate "2010.06.02"]

1. c4 Nf6 2. Nc3 e6 3. e4 c5 4. e5 Ng8 5. Nf3 Nc6 6. d4 cxd4 7. Nxd4 Nxe5
8. Ndb5 a6 9. Nd6+ Bxd6 10. Qxd6 f6 11. Be3 Ne7 12. Bb6 Nf5 13. Qc5 d6 14.
Qa5 Qd7 15. O-O-O Qc6 16. c5 Nd7 17. g4 Nh4 18. Rg1 dxc5 19. Na4 O-O 20.
Rg3 Nxb6 21. Nxb6 Rb8 22. Rc3 e5 23. Rxc5 Qe8 24. Bc4+ Kh8 25. h3 Nf3 26.
Rc7 Nd4 27. Qc5 h6 28. b3 Nc6 29. Nd7 Bxd7 30. Rdxd7 Qg6 31. f4 Nd4 32. Bd5
Ne2+ 33. Kb2 Nxf4 34. Bc4 b5 35. Rxg7 Qxg7 36. Rxg7 Kxg7 37. Qe7+ Kg6 38.
Be6 Nxe6 39. Qxe6 Rbe8 40. Qxa6 e4 41. Qxb5 e3 42. Qe2 Re5 43. a4 Rd8 44.
Qc2+ Kg5 45. Qc7 e2 46. Qg7+ Kf4 47. Qxf6+ Ke4 48. Qf2 Kd3 49. Qf3+ Re3 50.
Qf5+ Re4 51. Qf3+ Kd4 52. Qc3+ Kd5 53. Qa5+ Kc6 0-1

[Event "3rd Mayor's Cup"]
[Site "Mumbai IND"]
[Date "2010.06.07"]
[Round "8"]
[White "Navin,K"]
[Black "Neelotpal,D"]
[Result "1/2-1/2"]
[WhiteElo "2295"]
[BlackElo "2453"]
[EventDate "2010.06.02"]

1. d4 Nf6 2. c4 e6 3. Nc3 Bb4 4. e3 c5 5. Bd3 O-O 6. Nf3 d5 7. O-O dxc4 8.
Bxc4 Nbd7 9. dxc5 Bxc5 10. a3 a6 11. b4 Ba7 12. Bb2 b5 13. Be2 Bb7 14. a4
bxa4 15. Nxa4 Qb8 16. Nc5 Nxc5 17. Be5 Qd8 18. bxc5 Qxd1 19. Rfxd1 Bxc5 20.
Rdb1 Be4 21. Rc1 Nd7 22. Bd4 Bxf3 23. Bxf3 Bxd4 24. exd4 Ra7 25. Ra5 Nf6
26. Be2 Rd7 27. Rxa6 Rxd4 28. Ra7 Rfd8 29. g3 g6 30. Rcc7 R4d7 31. Rxd7
Nxd7 32. Ra5 Kg7 33. h4 h5 34. Kg2 Rc8 35. Bd1 Rc1 36. Be2 Rc2 37. Bd3 Rd2
38. Bc4 Kf6 39. Ra2 Rd4 40. Bb5 Ne5 41. Be2 Rb4 42. Rc2 Ke7 43. Rd2 Nc6 44.
Ra2 Nd4 45. Bd1 e5 46. Bf3 Nb5 47. Bd5 e4 48. Bc6 Nd6 49. Ra4 Rxa4 50. Bxa4
Ke6 51. Bb3+ Ke5 52. Ba4 Kd4 53. Bc6 f5 54. Ba4 Ke5 55. Bc2 Nb5 56. Ba4 Nd4
57. Be8 Kf6 58. Ba4 Nf3 59. Bd1 Nd4 60. Ba4 Ne6 61. Bc6 Ke7 62. Ba4 Nc7 63.
Bb3 Kf6 64. Bc4 Ne8 65. f3 Nd6 66. Ba6 Ke5 67. fxe4 fxe4 68. g4 hxg4 69.
Kg3 Kd4 70. Kxg4 Nc4 71. Kg3 e3 72. Kf3 Ne5+ 73. Ke2 Ke4 74. Bb5 Kf4 75.
Be8 Nf3 76. Bxg6 Nxh4 77. Bd3 1/2-1/2

[Event "3rd Mayor's Cup"]
[Site "Mumbai IND"]
[Date "2010.06.08"]
[Round "9"]
[White "Varga,Zo"]
[Black "Maletin,P"]
[Result "1/2-1/2"]
[WhiteElo "2479"]
[BlackElo "2584"]
[EventDate "2010.06.02"]

1. e4 c6 2. c4 d5 3. cxd5 cxd5 4. exd5 Nf6 5. Bb5+ Nbd7 6. Nc3 a6 7. Be2
Nb6 8. Nf3 g6 9. O-O Bg7 10. d4 O-O 1/2-1/2

[Event "3rd Mayor's Cup"]
[Site "Mumbai IND"]
[Date "2010.06.08"]
[Round "9"]
[White "Aleksandrov,A"]
[Black "Vorobiov,E"]
[Result "1/2-1/2"]
[WhiteElo "2604"]
[BlackElo "2612"]
[EventDate "2010.06.02"]

1. d4 Nf6 2. c4 g6 3. Nc3 Bg7 4. e4 d6 5. h3 O-O 6. Be3 c5 7. d5 b5 8. cxb5
a6 9. bxa6 Qa5 10. Qd2 Nbd7 11. Nf3 Bxa6 12. Bxa6 Qxa6 13. Bh6 Bxh6 14.
Qxh6 Rfb8 15. Rb1 Rb4 16. Qe3 Rab8 17. b3 1/2-1/2

[Event "3rd Mayor's Cup"]
[Site "Mumbai IND"]
[Date "2010.06.08"]
[Round "9"]
[White "Turov,M"]
[Black "Vidit,S"]
[Result "1-0"]
[WhiteElo "2624"]
[BlackElo "2504"]
[EventDate "2010.06.02"]

1. d4 d5 2. c4 c6 3. Nc3 Nf6 4. Nf3 a6 5. c5 Bf5 6. Bf4 Nbd7 7. e3 Nh5 8.
Be5 Nhf6 9. h3 Nxe5 10. Nxe5 g6 11. g4 Be6 12. Qc2 Bg7 13. f4 Bc8 14. O-O-O
Nd7 15. Nd3 b6 16. Na4 bxc5 17. Ndxc5 Qa5 18. Kb1 Rb8 19. Nxd7 Bxd7 20. Nc5
e6 21. Rc1 Qb6 22. h4 h5 23. gxh5 gxh5 24. f5 e5 25. Bh3 Bf6 26. e4 exd4
27. Rhe1 d3 28. Nxd3 dxe4 29. Rxe4+ Kf8 30. Rb4 Qa7 31. Rxb8+ Qxb8 32. Nc5
Be8 33. Ne4 Bd4 34. Qd2 Qe5 35. Qb4+ c5 36. Nxc5 Kg7 37. f6+ Qxf6 38. Ne4
Qe5 39. Nd6 Kh7 40. Re1 Qd5 41. Bf5+ Kg7 42. Be4 Bc5 43. Qc3+ 1-0

[Event "3rd Mayor's Cup"]
[Site "Mumbai IND"]
[Date "2010.06.08"]
[Round "9"]
[White "Lafuente,P"]
[Black "Deepan,C"]
[Result "1/2-1/2"]
[WhiteElo "2587"]
[BlackElo "2488"]
[EventDate "2010.06.02"]

1. d4 Nf6 2. c4 g6 3. Nc3 d5 4. e3 Bg7 5. Nf3 O-O 6. Bd2 c5 7. dxc5 Na6 8.
cxd5 Nxc5 9. Bc4 a6 10. a4 Bf5 11. O-O Rc8 12. Nd4 Bd3 13. Bxd3 Nxd3 14.
Qb3 Nc5 15. Qa2 Nce4 16. Nxe4 Nxe4 17. Bb4 Bxd4 18. exd4 Nf6 19. d6 exd6
20. Qa3 Rc6 21. Rac1 a5 22. Bd2 Rxc1 23. Rxc1 Qb6 24. Re1 Rc8 25. Qh3 Rc2
26. Bc3 d5 27. Qc8+ Kg7 28. f3 Qxb2 29. Bxb2 Rxc8 30. Re7 b6 31. Ba3 Rc4
32. Bd6 Rxa4 33. Be5 Rc4 34. g4 g5 35. h4 h6 36. f4 Kg6 37. h5+ Kg7 38.
fxg5 hxg5 39. Rd7 Rc6 40. Rxd5 Kf8 41. Bxf6 Rxf6 42. Rxg5 a4 43. Rb5 a3 44.
Rb3 Rf4 45. Rxb6 Rxg4+ 46. Kf2 Rxd4 47. Ra6 Rd2+ 48. Ke3 Rh2 49. Kf4 a2 50.
Kg5 Kg7 51. h6+ Kh7 52. Ra7 Rf2 53. Kh5 Rh2+ 54. Kg5 Rg2+ 1/2-1/2

[Event "3rd Mayor's Cup"]
[Site "Mumbai IND"]
[Date "2010.06.08"]
[Round "9"]
[White "Roy Chowdhury,S"]
[Black "Greenfeld,A"]
[Result "1/2-1/2"]
[WhiteElo "2473"]
[BlackElo "2561"]
[EventDate "2010.06.02"]

1. e4 c5 2. Nf3 d6 3. Nc3 Nc6 4. d4 cxd4 5. Nxd4 Nf6 6. Bg5 e6 7. Bb5 Bd7
8. O-O Be7 9. Re1 O-O 10. Bxc6 Bxc6 11. Qd3 h6 12. Bh4 Qb6 13. Rad1 Rfe8
14. Nxc6 bxc6 15. Na4 Qb4 16. b3 1/2-1/2

[Event "3rd Mayor's Cup"]
[Site "Mumbai IND"]
[Date "2010.06.08"]
[Round "9"]
[White "Hera,I"]
[Black "Harutjunyan,G"]
[Result "1/2-1/2"]
[WhiteElo "2558"]
[BlackElo "2460"]
[EventDate "2010.06.02"]

1. d4 Nf6 2. Nf3 e6 3. c4 d5 4. e3 c5 5. cxd5 exd5 6. Bb5+ Bd7 7. Bxd7+
Nbxd7 8. dxc5 Nxc5 9. O-O Bd6 10. Nc3 O-O 11. Nb5 Be7 12. b3 Nfe4 13. Bb2
a6 14. Nbd4 Bf6 15. Rc1 Rc8 16. Qe2 Qd7 17. Rc2 Rc7 18. Rfc1 Rfc8 19. h3 h6
1/2-1/2

[Event "3rd Mayor's Cup"]
[Site "Mumbai IND"]
[Date "2010.06.08"]
[Round "9"]
[White "Kravtsiv,M"]
[Black "Konguvel,P"]
[Result "1/2-1/2"]
[WhiteElo "2546"]
[BlackElo "2412"]
[EventDate "2010.06.02"]

1. e4 c5 2. Nf3 d6 3. d4 cxd4 4. Nxd4 Nf6 5. Nc3 g6 6. Be3 Bg7 7. f3 O-O 8.
Qd2 Nc6 9. Bc4 Bd7 10. O-O-O Rc8 11. Bb3 Nxd4 12. Bxd4 b5 13. Nd5 Nxd5 14.
Bxg7 Kxg7 15. exd5 a5 16. a3 b4 17. axb4 axb4 18. Qxb4 Kg8 19. Rhe1 Re8 20.
Rd4 Rc5 21. Kd2 Qa8 22. Bc4 Rb8 23. Qa3 Ra5 24. Qc3 Bb5 25. Bxb5 Raxb5 26.
Rxe7 Rc5 27. Qa3 1/2-1/2

[Event "3rd Mayor's Cup"]
[Site "Mumbai IND"]
[Date "2010.06.08"]
[Round "9"]
[White "Luther,T"]
[Black "Udeshi,A"]
[Result "1-0"]
[WhiteElo "2541"]
[BlackElo "2316"]
[EventDate "2010.06.02"]

1. d4 Nf6 2. Nf3 e6 3. e3 Be7 4. Bd3 c5 5. O-O O-O 6. c4 d5 7. Nc3 Nc6 8.
dxc5 Bxc5 9. a3 a6 10. b4 Ba7 11. Bb2 Qe7 12. Qe2 dxc4 13. Bxc4 b5 14. Bd3
Bb7 15. Rac1 Rac8 16. Rfd1 Bb8 17. Ne4 Nxe4 18. Bxe4 f5 19. Bb1 e5 20. Ba2+
Kh8 21. h4 Qe8 22. Ng5 Rf6 23. Qd3 h6 24. Qd7 hxg5 25. hxg5 Rf8 26. Qxb7 f4
27. Qd7 Qh5 28. exf4 Nd4 29. Bxd4 Rcd8 30. Qb7 Rxf4 31. g3 Rf3 32. Kg2
Rxg3+ 33. fxg3 Qe2+ 34. Bf2 1-0

[Event "3rd Mayor's Cup"]
[Site "Mumbai IND"]
[Date "2010.06.08"]
[Round "9"]
[White "Kunte,A"]
[Black "Kulkarni,R"]
[Result "1-0"]
[WhiteElo "2523"]
[BlackElo "2149"]
[EventDate "2010.06.02"]

1. Nf3 Nf6 2. c4 e6 3. g3 b6 4. Bg2 Bb7 5. O-O Be7 6. Nc3 O-O 7. Re1 d5 8.
cxd5 exd5 9. d4 Na6 10. Bf4 Re8 11. Rc1 c5 12. dxc5 bxc5 13. Qb3 Qb6 14.
Ne5 Qxb3 15. axb3 Bd6 16. Nd3 Bxf4 17. Nxf4 Rab8 18. Ncxd5 Bxd5 19. Nxd5
Rxb3 20. Rc2 Nb4 21. Nxb4 Rxb4 22. Ra1 Re7 23. Rxc5 Rxe2 24. Rc8+ Re8 25.
Rxe8+ Nxe8 26. Rxa7 Kf8 27. Rb7 Rd4 28. Bc6 Nd6 29. Rd7 g5 30. b4 Kg7 31.
b5 Kf6 32. b6 Ke6 33. b7 Rb4 34. Rd8 Nxb7 35. Rb8 Rb6 36. Be4 Rb4 37. f3
Rxe4 38. Re8+ Kf6 39. Rxe4 Nd6 40. Ra4 h6 41. Kf2 Nf5 42. Ra6+ Kg7 43. Ke2
Nd4+ 44. Ke3 Ne6 45. Ra5 Kf6 46. Ke4 Kg6 47. Ke5 Kg7 48. Ra6 Nc5 49. Rd6
Na4 50. Kd4 1-0

[Event "3rd Mayor's Cup"]
[Site "Mumbai IND"]
[Date "2010.06.08"]
[Round "9"]
[White "Ismagambetov,An"]
[Black "Prathamesh,S"]
[Result "1-0"]
[WhiteElo "2524"]
[BlackElo "2411"]
[EventDate "2010.06.02"]

1. e4 c5 2. Nf3 e6 3. d4 cxd4 4. Nxd4 a6 5. Nc3 Qc7 6. g3 Bb4 7. Nde2 Nf6
8. Bf4 e5 9. Bd2 d6 10. Bg2 Be6 11. O-O Bc5 12. h3 h5 13. Bg5 Nbd7 14. Qd2
Rc8 15. Rad1 b5 16. a3 Nb6 17. Bxf6 gxf6 18. Qc1 Nc4 19. Nd5 Bxd5 20. Rxd5
Qa7 21. Rd3 Kf8 22. b4 Bb6 23. Nc3 Kg7 24. Nd5 a5 25. h4 axb4 26. axb4 Ra8
27. Nxf6 Rh6 28. Nd5 Rg6 29. Bh3 Bd8 30. Bf5 Rh6 31. Kg2 Qb7 32. g4 Rh8 33.
gxh5 Kf8 34. h6 Bxh4 35. h7 f6 36. Qh6+ Qg7+ 37. Qxg7+ Kxg7 38. Rh1 Bg5 39.
Nc7 1-0

[Event "3rd Mayor's Cup"]
[Site "Mumbai IND"]
[Date "2010.06.08"]
[Round "9"]
[White "Sangma,R"]
[Black "Iuldachev,S"]
[Result "1-0"]
[WhiteElo "2358"]
[BlackElo "2511"]
[EventDate "2010.06.02"]

1. Nf3 Nf6 2. d4 d6 3. Nc3 g6 4. e4 Bg7 5. Be2 O-O 6. O-O Bg4 7. h3 Bxf3 8.
Bxf3 Nc6 9. Be3 e5 10. dxe5 dxe5 11. Nd5 Nxd5 12. exd5 Ne7 13. Bc5 Re8 14.
d6 cxd6 15. Bxd6 Nf5 16. Ba3 e4 17. Bg4 e3 18. c3 Bh6 19. Bc5 Qc7 20. Bxe3
Nxe3 21. fxe3 Rad8 22. Qa4 Rxe3 23. Rad1 Rxd1 24. Bxd1 Re7 25. Bb3 Be3+ 26.
Kh1 Kg7 27. Qc4 Qd7 28. Qd5 Qe8 29. Qd6 f5 30. Re1 f4 31. Ba4 Qf7 32. Rd1
Kh6 33. Bb3 Qf8 34. Qd5 Bb6 35. Bc4 Qf6 36. Rf1 Qh4 37. Qf3 Re1 38. Rxe1
Qxe1+ 39. Qf1 Qe3 40. Bd5 Bc7 41. Bxb7 Qb6 42. Qe1 Bd8 43. Qd2 Bc7 44. Bf3
Qa6 45. Qe1 Qf6 46. c4 Bb6 47. b4 Be3 48. c5 Qb2 49. c6 Bf2 50. Qd1 Qxb4
51. Qf1 Be3 52. Qd1 Qc3 53. Qb1 Kg5 54. Kh2 Bf2 55. Qd1 Kh4 56. Kh1 h5 57.
Bxh5 Kg3 58. Qg4+ 1-0

[Event "3rd Mayor's Cup"]
[Site "Mumbai IND"]
[Date "2010.06.08"]
[Round "9"]
[White "Kasparov,S"]
[Black "Gara,T"]
[Result "1/2-1/2"]
[WhiteElo "2504"]
[BlackElo "2357"]
[EventDate "2010.06.02"]

1. d4 Nf6 2. c4 c5 3. d5 e6 4. Nc3 exd5 5. cxd5 d6 6. e4 g6 7. Bd3 Bg7 8.
Nge2 O-O 9. O-O Re8 10. h3 Na6 11. Ng3 Nc7 12. Rb1 Rb8 13. a4 a6 14. Bd2
Nd7 15. b4 h5 16. bxc5 Nxc5 17. Bc2 b5 18. axb5 Nxb5 19. Nxb5 Rxb5 20. Rxb5
axb5 21. Qb1 Qb6 22. Re1 Bd7 23. Kh2 Ra8 24. f4 Ra1 25. Qb4 Ra2 26. Qb1 Ra1
27. Qb4 Ra2 28. Qb1 Ra1 1/2-1/2

[Event "3rd Mayor's Cup"]
[Site "Mumbai IND"]
[Date "2010.06.08"]
[Round "9"]
[White "Ankit,R"]
[Black "Czebe,A"]
[Result "1/2-1/2"]
[WhiteElo "2350"]
[BlackElo "2480"]
[EventDate "2010.06.02"]

1. e4 g6 2. d4 Bg7 3. Nc3 c6 4. Be3 d5 5. e5 f6 6. Nf3 Bg4 7. exf6 exf6 8.
Bd3 Ne7 9. h3 Be6 10. Qd2 Nf5 11. Bf4 g5 12. Bh2 h5 13. O-O-O Kf7 14. Rde1
Qd7 15. g4 hxg4 16. hxg4 Ne7 17. Bg3 Rxh1 18. Rxh1 Bxg4 19. Nxg5+ fxg5 20.
Qxg5 Qe6 21. Bxb8 Bf5 22. Be5 Rg8 23. Qh5+ Qg6 24. Qxg6+ Kxg6 25. Rg1+ Kf7
26. Rxg7+ Rxg7 27. Bxg7 Bxd3 28. Be5 Bf5 29. Kd2 Ke6 30. Bb8 Nc8 31. Ne2 a6
32. Nf4+ Kd7 33. Nd3 Bxd3 34. Kxd3 Ke6 35. f3 Ne7 36. Be5 c5 37. Bh2 c4+
38. Ke2 b5 39. Kd2 Nc6 40. c3 a5 41. Bc7 a4 42. a3 Ne7 1/2-1/2

[Event "3rd Mayor's Cup"]
[Site "Mumbai IND"]
[Date "2010.06.08"]
[Round "9"]
[White "Vishnu,P"]
[Black "Temirbayev,S"]
[Result "0-1"]
[WhiteElo "2345"]
[BlackElo "2455"]
[EventDate "2010.06.02"]

1. e4 e6 2. d4 d5 3. Nd2 c5 4. exd5 exd5 5. Ngf3 Nc6 6. Bb5 Bd6 7. dxc5
Bxc5 8. O-O Nge7 9. Nb3 Bd6 10. Re1 O-O 11. Bd3 h6 12. h3 Nf5 13. c3 Qf6
14. Bc2 Rd8 15. Qd3 g6 16. Nh2 d4 17. Ng4 Qg7 18. Nxd4 Ncxd4 19. cxd4 Be6
20. Qd2 Nxd4 21. Nxh6+ Kh7 22. Bd1 Bf8 23. Qe3 Qxh6 24. Qg3 Qg7 25. Bg5 Nf5
26. Qf3 Rd5 27. Re4 Qxb2 28. Rc1 Bg7 29. h4 Rad8 30. Ba4 Rd3 31. Qf4 R8d4
0-1

[Event "3rd Mayor's Cup"]
[Site "Mumbai IND"]
[Date "2010.06.08"]
[Round "9"]
[White "Stany,G"]
[Black "Farago,I"]
[Result "1-0"]
[WhiteElo "2330"]
[BlackElo "2453"]
[EventDate "2010.06.02"]

1. e4 e6 2. d4 d5 3. e5 c5 4. c3 Qb6 5. Nf3 Nc6 6. a3 c4 7. Nbd2 Na5 8. Be2
Bd7 9. O-O Ne7 10. Rb1 Qc7 11. Re1 h6 12. Nf1 Nc8 13. Bf4 Nb6 14. Qd2 O-O-O
15. Qe3 Be7 16. N3d2 Kb8 17. Bg3 Rdg8 18. f4 Ka8 19. Qf2 f5 20. exf6 gxf6
21. Bh5 Rf8 22. Nf3 Bd6 23. Nh4 Rh7 24. Ng6 Rg8 25. f5 Rhg7 26. Bxd6 Qxd6
27. Ng3 exf5 28. Nxf5 Bxf5 29. Qxf5 Nc6 30. Re6 Qd7 31. Rbe1 a6 32. Qxf6
Rf7 33. Qh4 Rf5 34. Nf4 Ka7 35. Be8 Qc7 36. Rxc6 Qb8 37. Rxb6 Kxb6 38.
Nxd5+ Ka7 39. Ne7 Rf4 40. Nc6+ bxc6 41. Qe7+ Qb7 42. Qc5+ Kb8 43. Bxc6 Qc7
44. Re7 1-0

[Event "3rd Mayor's Cup"]
[Site "Mumbai IND"]
[Date "2010.06.09"]
[Round "10"]
[White "Kunte,A"]
[Black "Aleksandrov,A"]
[Result "0-1"]
[WhiteElo "2523"]
[BlackElo "2604"]
[EventDate "2010.06.02"]

1. d4 Nf6 2. c4 e6 3. g3 d5 4. Bg2 dxc4 5. Nf3 a6 6. O-O Nc6 7. Bg5 Be7 8.
e3 Nd5 9. Bxe7 Ncxe7 10. Qe2 b5 11. b3 cxb3 12. axb3 Bb7 13. Rc1 Ra7 14.
Nbd2 Nb4 15. e4 O-O 16. Qe3 Qb8 17. Qc3 Nec6 18. Nf1 a5 19. Ne3 Rd8 20. Rd1
Ba8 21. d5 exd5 22. Nf5 f6 23. exd5 Nxd5 24. Rxd5 Rxd5 25. N3d4 Rxf5 26.
Nxf5 Ne5 27. Rd1 Bxg2 28. Kxg2 Qb7+ 29. f3 Ra8 30. Qe3 a4 31. Rd7 Kh8 32.
Rxg7 Qxf3+ 33. Qxf3 Nxf3 34. bxa4 Nd4 35. Rxc7 Nxf5 36. axb5 Rb8 37. Rc6
Kg7 38. b6 Kf7 39. g4 Ne7 40. Rd6 Rb7 41. h4 Nc8 42. Rc6 Nxb6 43. g5 Nd7
44. Kg3 Kg6 45. Rd6 Kf5 46. gxf6 Rb3+ 47. Kh2 Nxf6 48. Rd4 Rf3 0-1